shiloh and bros among us color - Statistics

General Stats
  • This quiz has been taken 846 times
  • The average score is 8 of 10
Answer Stats
Hint Answer % Correct
Purple and starts with a S Shiloh
99%
Orange and starts with a J Judah
96%
White and starts with a M Mary
90%
Blue and starts with a E Elijah
88%
Green and starts with a M Micah
86%
Lime and starts with a W William
86%
Red and starts with a B Britney
74%
Lime and starts with a D Daniel
73%
Navy and starts with a J Josiah
68%
Coral and starts with a C Corey
34%
No matching quizzes found
Score Distribution
Percent of People with Each Score
Percentile by Number Answered
Your Score History
You have not taken this quiz